000 04336cam a2201837 i 4500
001 18305155
003 PE-LiUPU
005 20250813170015.0
008 140915s2015 njua b 001 0 eng
020 _a9786074488050
040 _aDNLM/DLC
_cPE-LiUPU
_erda
_dPE-LiUPU
_bspa
050 0 0 _aRC480.5
_b.A75 2015
060 1 0 _aWL 102
082 0 0 _a616.8914
_223
_bA676b
100 1 _aArden, John Boghosian,
_eautor.
245 1 0 _aBrain2Brain :
_bimplementa el cambio del cliente a través del poder persuasivo de la neurociencia /
_cJohn B. Arden.
246 3 _aBrain 2 brain
246 3 _aBrain to brain
246 3 _aBrain two brain
264 1 _aMéxico :
_bManual moderno,
_c2019.
300 _axxi, 249 páginas :
_bilustraciones ;
_c23 centímetros.
336 _atext
_2rdacontent
337 _aunmediated
_2rdamedia
338 _avolume
_2rdacarrier
504 _aIncluye referencias bibliográficas e índice.
505 0 _aNeurociencia aplicada -- Promover la salud del cerebro -- Desarrollar los sistemas de la memoria -- Trastornos de autoestrés -- Cuando la ansiedad es generalizada -- Ansiedad focalizada -- Trastorno por estrés postraumático -- Trastorno obsesivo-compulsivo (TOC) -- Depresión.
526 _aP203
526 _aP200
526 _aSEG65
526 _aSEG64
526 _aSEG63
526 _aSEG62
526 _aSEG61
526 _aSEG60
526 _aSEG59
526 _aSEG58
526 _aSEG57
526 _aSEG56
526 _aSEG55
526 _aSEG54
526 _aSEG53
526 _aSEG52
526 _aSEG51
526 _aSEG50
526 _aSEG49
526 _aSEG48
526 _aSEG47
526 _aSEG46
526 _aSEG24
526 _aSEG23
526 _aSEG22
526 _aSEG21
526 _aSEG20
526 _aSEG19
526 _aSEG18
526 _aSEG17
526 _aSEG16
526 _aSEG14
526 _aSEG13
526 _aSEG12
526 _aSEG11
526 _aSEG10
526 _aSEG09
526 _aSEG06
526 _aSEG05
526 _aSEG04
526 _aSEG03
526 _aSEG02
526 _aSEG68
526 _aSEG66
526 _aSEG45
526 _aSEG25
526 _aSEG01
526 _aP163
526 _aP162
526 _aP161
526 _aP160
526 _aP159
526 _aP158
526 _aP157
526 _aP156
526 _aP155
526 _aP154
526 _aP153
526 _aP152
526 _aP151
526 _aP150
526 _aP149
526 _aP142
526 _aP141
526 _aP140
526 _aP139
526 _aP138
526 _aP137
526 _aP132
526 _aP131
526 _aP130
526 _aP126
526 _aP125
526 _aP124
526 _aP123
526 _aP115
526 _aP122
526 _aP121
526 _aP116
526 _a P114
526 _aP112
526 _aP111
526 _aP104
526 _aP103
526 _aP102
526 _aP101
526 _aP100
526 _aP96
526 _aP95
526 _aP93
526 _aP92
526 _aP91
526 _aP88
526 _aP83
526 _aP82
526 _aP79
526 _aP78
526 _aP75
526 _aP74
526 _aP71
526 _aP69
526 _a P51
526 _aP49
526 _aP48
526 _aP47
526 _aP33
526 _aP31
526 _a P30
526 _aP29
526 _aP27
526 _aP26
526 _aP25
526 _aP24
526 _a P22
526 _aP10
526 _aP09
526 _a P08
526 _aP06
526 _aP05
526 _aP04
526 _aP01
650 2 0 _aConsejería
_xMétodos
_9984
650 2 0 _aFenómenos fisiológicos del sistema nervioso
_9983
650 2 0 _aNeurociencia
_xMétodos
_9986
650 2 0 _aDesórdenes mentales
_xPatología
_9985
650 2 0 _aPsicoterapia
_xMétodos
_9987
776 0 8 _iOnline version:
_aArden, John Boghosian, author.
_tBrain2Brain
_dHoboken, New Jersey : John Wiley & Sons, Inc., [2015]
_z9781118756676
_w(DLC) 2014037419
942 _2ddc
_cBK
_n0
999 _c61749
_d61749
980 _618226
_aJaime Vilcazán Jefe de Análisis Documental
_81
_gALBERTO SANCHEZ Responsable de Automatización